La vida del lenguaje /
Guardado en:
| Autor Principal: | |
|---|---|
| Formato: | Libro |
| Publicado: |
Buenos Aires :
El Ateneo,
1946
|
| Materias: | |
| Etiquetas: |
Agregar Etiqueta
Sin Etiquetas, Sea el primero en etiquetar este registro!
|
| LEADER | 00444nam a22001575a 4500 | ||
|---|---|---|---|
| 001 | EHU.bham015697 | ||
| 003 | AR-BHAM | ||
| 005 | 20090414164254.0 | ||
| 008 | 130507s1946##################000#0#####d | ||
| 082 | 4 | 0 | |a 400 |
| 100 | 1 | |a Dauzat, Albert | |
| 245 | 1 | 0 | |a La vida del lenguaje / |c Albert Dauzat |
| 260 | |a Buenos Aires : |b El Ateneo, |c 1946 | ||
| 300 | |a 303 p. | ||
| 653 | |a Linguistica | ||
| 859 | |a AR-BHAM |b BIB. HUMANIDADES - CONICET |h 400 |i D269 |p 157.59 |t Ej.1 |v CN217 | ||
